000 00425nam a22001697a 4500
005 20180718152641.0
008 160525b xxu||||| |||| 00| 0 eng d
020 _a978-81-7446-670-9
041 _aeng
082 _b4858
_a658.1599
100 _aSrivastava, R.M.
_94556
245 _aMultinational Financial Mgt.
260 _aNew Delhi
_bAcademic Faundation
300 _a360p,
650 _aManagement
_9241
942 _cBK
999 _c1686
_d1685